000 06208cam a22018854i 4500
003 PE-LiUPU
005 20250813165624.0
008 150625s2003 tu rb 000 0 spa d
020 _a9586556565
020 _a9789586556569
035 _a(Sirsi) i9789586556569
040 _aPE-LiUPU
_bspa
_cPE-LiUPU
_dPE-LiUPU
_erda
049 _aPRUA
082 0 4 _a610.73072
_bM79
_221
245 0 0 _aAsuntos críticos en los métodos de investigación cualitativa /
_cJanice M. Morse.
264 1 _aAntioquía :
_bUniversidad de Antioquía,
_c2003.
300 _a447 páginas ;
_c24 centímetros.
336 _atext
_2rdacontent
337 _aunmediated
_2rdamedia
338 _avolume
_2rdacarrier
490 0 _aColección Contus
504 _aIncluye referencia bibliográfica al final de cada capítulo.
505 0 _aLa investigación cualitativa: ¿Realidad o fantasía? -- Conocimiento abstracto: un caso a favor de la magia en el método -- "Emerger de los datos": los procesos cognitivos del análisis en la investigación cualitativa -- La prueba está en la alfarería: hacia una poética de la investigación cualitativa -- Dentro de la caja negra: asuntos teóricos y metodológicos en la realización de una investigación evaluativa con enfoque cualitativo -- Criterios de evaluación y crítica de los estudios de investigación cualitativa -- La riqueza de la fenomenología: preocupaciones filosóficas, teóricas y metodológicas -- Escuela de fenomenología: implicaciones para la investigación -- Estilos de etnografía -- Sobre la evaluación de las etnografías -- Emocionar la teoría fundamentada -- El efecto del grupo en los grupos focales: Planear, ejecutar e interpretar la investigación con grupos focales -- El uso de las grabaciones de video en la investigación cualitativa -- El análisis secundario en la investigación cualitativa: asuntos e implicaciones -- Los métodos de investigación cualitativa desde el punto de vista del revisor -- La investigación y las entrevistas terapéuticas: una perspectiva posestructuralista -- Equipos de investigación: posibilidades y defectos de la investigación cualitativa colaborativa -- Asuntos éticos en la etnografía -- Promover la integridad académica en la investigación cualitativa.
526 _aP203
526 _aP200
526 _aSEG65
526 _aSEG64
526 _aSEG63
526 _aSEG62
526 _aSEG61
526 _aSEG60
526 _aSEG59
526 _aSEG58
526 _aSEG57
526 _aSEG56
526 _aSEG55
526 _aSEG54
526 _aSEG53
526 _aSEG52
526 _aSEG51
526 _aSEG50
526 _aSEG49
526 _aSEG48
526 _aSEG47
526 _aSEG46
526 _aSEG24
526 _aSEG23
526 _aSEG22
526 _aSEG21
526 _aSEG20
526 _aSEG19
526 _aSEG18
526 _aSEG17
526 _aSEG16
526 _aSEG14
526 _aSEG13
526 _aSEG12
526 _aSEG11
526 _aSEG10
526 _aSEG09
526 _aSEG06
526 _aSEG05
526 _aSEG04
526 _aSEG03
526 _aSEG02
526 _aSEG68
526 _aSEG66
526 _aSEG45
526 _aSEG25
526 _aSEG01
526 _aP163
526 _aP162
526 _aP161
526 _aP160
526 _aP159
526 _aP158
526 _aP157
526 _aP156
526 _aP155
526 _aP154
526 _aP153
526 _aP152
526 _aP151
526 _aP150
526 _aP149
526 _aP142
526 _aP141
526 _aP140
526 _aP139
526 _aP138
526 _aP137
526 _aP132
526 _aP131
526 _aP130
526 _aP126
526 _aP125
526 _aP124
526 _aP123
526 _aP115
526 _aP122
526 _aP121
526 _aP116
526 _a P114
526 _aP112
526 _aP111
526 _aP104
526 _aP103
526 _aP102
526 _aP101
526 _aP100
526 _aP96
526 _aP95
526 _aP93
526 _aP92
526 _aP91
526 _aP88
526 _aP83
526 _aP82
526 _aP79
526 _aP78
526 _aP75
526 _aP74
526 _aP71
526 _aP69
526 _a P51
526 _aP49
526 _aP48
526 _aP47
526 _aP33
526 _aP31
526 _a P30
526 _aP29
526 _aP27
526 _aP26
526 _aP25
526 _aP24
526 _a P22
526 _aP10
526 _aP09
526 _a P08
526 _aP06
526 _aP05
526 _aP04
526 _aP01
541 _g001-027184;
650 1 4 _aCiencias sociales
_xInvestigación.
650 2 4 _aCiencias sociales
_xMetodología.
700 1 _aMorse, Janice M.,
_eeditor.
942 _2ddc
_cBOOK
949 _a610.73072 M79
_wDEWEY
_c1
_i53910
_lCCODEBUL1
_mBUL
_r0
_sY
_tBOOK
_u2015-6-25
_xSALUD
_zUNKNOWN
_0COMPRA
_o.STAFF. Colección General
949 _a610.73072 M79
_wDEWEY
_c2
_i53623
_lCCODEBUL1
_mBUL
_r0
_sY
_tBOOK
_u2015-6-25
_xSALUD
_zUNKNOWN
_0COMPRA
_o.STAFF. Colección General
949 _a610.73072 M79
_wDEWEY
_c3
_i57578
_lCCODEBUL1
_mBUL
_p52.00
_r0
_sY
_tBOOK
_u2015-6-25
_xSALUD
_PP20
_0COMPRA
_o.STAFF. Colección Ciencias de la Salud
994 _aC0
_bPEPRU
596 _a1
999 _a610.73072 M79
_wDEWEY
_c43761
_i53910
_f2021-11-5
_g5
_lCCODEBUL1
_mBUL
_r0
_sY
_tBOOK
_u2015-6-25
_xBIBLIOTECA
_zUNKNOWN
_0COMPRA
_o.STAFF. Colección General
_d43761
999 _a610.73072 M79
_wDEWEY
_c2
_i53623
_f2021-11-5
_g5
_lCCODEBUL1
_mBUL
_r0
_sY
_tBOOK
_u2015-6-25
_xBIBLIOTECA
_zUNKNOWN
_0COMPRA
_o.STAFF. Colección General
999 _a610.73072 M79
_wDEWEY
_c3
_i57578
_d2018-9-19
_e2018-9-12
_f2021-11-3
_g5
_lCCODEBUL1
_mBUL
_n1
_p52.00
_r0
_sY
_tBOOK
_u2015-6-25
_xSALUD
_zP20
_0COMPRA
_o.STAFF. Colección Ciencias de la Salud
980 _81
_gALBERTO SANCHEZ Responsable de Automatización